| 000 | 00328 a2200133 4500 | ||
|---|---|---|---|
| 001 | 88461 | ||
| 082 | _aPR 676 | ||
| 090 |
_c41886 _d41886 |
||
| 100 | _aA Khaliq | ||
| 245 | _aProject Report on column testing | ||
| 260 |
_aKarachi _bUniversity of Karachi _c1972 |
||
| 300 | _eM Islam | ||
| 500 | _aBE Project Reports | ||
| 942 |
_aUniversity of Karachi _kPR 676 |
||
| 999 |
_c323534 _d323534 |
||